| 000 | 00342nam a2200121Ia 4500 | ||
|---|---|---|---|
| 008 | 220214s9999 xx 000 0 und d | ||
| 100 | _aWrigley CW | ||
| 245 | 0 | _aElectrofocusing of grain proteins from wheat genotypes | |
| 260 |
_bAnnals of the New York Academy of Sciences _c1973 |
||
| 300 | _a154-162 | ||
| 700 | _aShepherd KW | ||
| 942 | _cRE | ||
| 999 |
_c45787 _d45787 |
||